000 004710000a22001930004500
001 002612
003 MACL
005 20150911165744.0
008 150911b xxu||||| |||| 00| 0 eng d
040 _aMACL
_cMACL
041 _aEnglish
082 _a823
100 _aRoychowdhury, Samir
_910266
245 _aBangla Short Stories
_cSamir Roychowdhury
260 _aKolkata
_c2002
_bR.B. Prokashan,
350 _a300
650 _aFiction
_910267
942 _k823
_cBK
_2ddc
999 _c14521
_d14521